| 000 | 00625nam a22002177a 4500 | ||
|---|---|---|---|
| 005 | 20170124110104.0 | ||
| 010 | _aA-255619 | ||
| 020 | _c00.00 | ||
| 035 | _aA-255619 | ||
| 037 | _bCen Lib/Ret | ||
| 040 |
_aDPL _bEN |
||
| 082 |
_a954.12 _bKSH |
||
| 100 |
_aKshitish _927817 |
||
| 245 |
_aStorm in Punjab / _cby Kshitish |
||
| 260 |
_bThe Word Publications _aNew Delhi _c1985 |
||
| 270 |
_a07/95, Nehru Place _bNew Delhi _e110019 |
||
| 300 |
_a247p. _c20cm(Hb) |
||
| 650 |
_aSikhism -- History _9101915 |
||
| 650 |
_aPunjab (India) -- Politics and government _927117 |
||
| 942 |
_2ddc _cEN _h954.12 _mKSH |
||
| 999 |
_c129929 _d129929 |
||